[Event "CUB-ch KO"]
[Site "Santa Clara"]
[Date "2005.04.23"]
[Round "2.3"]
[White "Arencibia Rodriguez, Walter"]
[Black "Bruzon Batista, Lazaro"]
[Result "1/2-1/2"]
[WhiteElo "2530"]
[BlackElo "2669"]
[Annotator "Ftacnik,L"]
[PlyCount "87"]
[EventDate "2005.04.18"]
[EventType "k.o."]
[EventRounds "3"]
[EventCountry "CUB"]
[SourceTitle "CBM 107"]
[Source "ChessBase"]
[SourceDate "2005.08.01"]
[SourceVersion "1"]
[SourceVersionDate "2005.08.01"]
[SourceQuality "1"]

1. d4 d5 2. c4 e6 3. Nc3 c5 4. cxd5 exd5 5. Nf3 Nc6 6. g3 Nf6 7. Bg2 Be7 8. O-O
O-O 9. Bg5 c4 10. Ne5 Be6 11. Nxc6 bxc6 12. b3 Qa5 13. Qc2 Rfd8 14. Rfd1 Rac8
15. bxc4 dxc4 16. Bxf6 {Black tends to equalize with his perfect concentration
of forces in the center.} (16. Ne4 Qf5 17. Bxf6 (17. h4 Qg6 18. Nxf6+ gxf6 19.
Be4 Qh5 20. Bf4 Bd6 21. Bf3 Qg6 22. Qc1 Be7 23. Rb1 {1-0 Horvath,P-Schneider,D/
Budapest 2003/ (40)}) 17... Bxf6 18. Nxf6+ Qxf6 19. e3 c5 20. d5 Bxd5 21. Bxd5
Rxd5 22. Rxd5 Qxa1+ 23. Rd1 Qf6 24. Qxc4 g6 {1/2-1/2 Sundararajan,
K-Summerscale,A/Scarborough 1999/ (29)}) 16... Bxf6 17. e3 c5 $1 18. Ne4 (18.
d5 Qxc3 19. Qxc3 Bxc3 20. Rac1 Bb2 21. dxe6 Bxc1 22. exf7+ Kxf7 23. Rxc1 Rd2
$17) 18... cxd4 19. Nxf6+ gxf6 20. exd4 (20. Rxd4 Rxd4 21. exd4 c3 22. Be4 f5
23. Bf3 f4 $11) 20... c3 21. Be4 f5 22. d5 $6 {Arencibia plays pawn advance
with the hope to get even play, black's c3 pawn is very dangerous.} (22. Bb7
Rc7 23. Bg2 f4 $11) 22... fxe4 23. dxe6 Qe5 (23... fxe6 $5 24. Qxe4 Qf5 $15)
24. exf7+ Kxf7 25. Rac1 (25. Rxd8 Rxd8 26. Rc1 Rc8 27. f3 Qd4+ 28. Kh1 Qd3 29.
fxe4 Qxc2 30. Rxc2 Ke6 31. Kg2 Ke5 32. Kf3 Kd4 $17) 25... Rxd1+ 26. Rxd1 Rc7
27. Re1 Rc4 28. Qb3 Qd5 $2 {Bruzon tries hard to fullfil his role of an elo
favourite, but this move is not very helpful.} (28... Qe6 29. Qb7+ Kg6 30. Qxa7
c2 31. Rc1 Qd5 32. Qe3 $11) 29. Rd1 Qe6 (29... Qc5 30. Qb7+ Kf6 31. Qd7 $18)
30. Rd7+ (30. Rd6 Qxd6 31. Qxc4+ Qe6 32. Qxc3 Qxa2 $11) 30... Kg6 (30... Qxd7
31. Qxc4+ Qe6 32. Qxc3 Qxa2 33. Qc7+ Ke6 34. Qxh7 $14) 31. Rc7 e3 $4 {[%mdl
8192] Horrible decision as black risk losing in case white will manage to get
properly organized with his pieces.} (31... Rc6 32. Qxe6+ Rxe6 33. Rxc3 Rb6 34.
a3 $14) 32. Rxc4 (32. Qc2+ Qe4 (32... Kf6 33. Rxc4 Qxc4 34. fxe3 Qc5 35. Kf2
$14) 33. Qxe4+ Rxe4 34. Kf1 Ra4 35. Rxc3 Rxa2 36. Rxe3 $14) 32... e2 (32...
exf2+ 33. Kxf2 Qf6+ 34. Kg2 $18) 33. Rg4+ $2 {Arencibia returns material in
panic, much better was 33.Qc2! and it seems that black can not survive.} (33.
Qc2+ $1 Kf6 (33... Kh6 34. Rh4+ Kg5 35. Qc1+ Kf6 36. Rh6+ $18) (33... Kf7 34.
Qxh7+ Ke8 35. Qh8+ Ke7 36. Rc7+ Kd6 37. Qd8+ Ke5 38. Qg5+ Kd4 39. Qc5+ Ke4 40.
Qe3+ Kd5 41. Rc5+ Kd6 42. Rc6+ $18) 34. Qxc3+ Kg6 35. Qc2+ Kg7 36. Qb2+ Kg6 37.
Qb1+ Kf6 38. Re4 $18) 33... Qxg4 34. Qg8+ Kf6 (34... Kf5 35. Qc8+ Ke5 36. Qxc3+
Qd4 37. Qc7+ $11) 35. Qxg4 (35. Qd8+ Ke5 36. Qh8+ Kd5 37. Qxc3 Qd4 38. Qf3+ Qe4
$15) 35... e1=Q+ 36. Kg2 Qd2 {The smoke has cleared and white will have to opt
for the perpetual check.} (36... c2 $2 37. Qf4+ Kg6 38. Qd6+ $18) 37. Qh4+ Ke6
38. Qe4+ Kd6 39. Qb4+ Kd5 40. Qb5+ Kd4 41. Qd7+ Kc4 42. Qc7+ Kb4 43. Qb7+ Kc4
44. Qc7+ 1/2-1/2

[Event "Oslo"]
[Site "Oslo"]
[Date "1992.??.??"]
[Round "7"]
[White "Gronn, Atle"]
[Black "Tisdall, Jonathan D"]
[Result "1-0"]
[WhiteElo "2310"]
[BlackElo "2455"]
[Annotator "Ftacnik,L"]
[PlyCount "59"]
[EventDate "1992.04.??"]
[EventType "tourn"]
[EventRounds "9"]
[EventCountry "NOR"]
[EventCategory "9"]
[SourceTitle "CBM 030"]
[Source "ChessBase"]
[SourceDate "1992.10.01"]
[SourceVersion "1"]
[SourceVersionDate "1992.10.01"]
[SourceQuality "1"]

1. Nf3 {Gronn,A} d5 2. c4 e6 3. g3 Nf6 4. b3 Be7 5. Bg2 O-O 6. O-O c5 7. Bb2
Nc6 8. cxd5 exd5 9. d4 Ne4 10. Nc3 Bf6 11. Na4 b5 (11... b6 {Gronn,A} 12. Rc1
Ba6 13. dxc5 {med uklart spill er normalt. I et svakt Kyeblikk Tisdall at 11.
Na4 kunne straffes, men han oversÅ et elementært mellomtrekk.}) 12. Nxc5 Nxc5
13. Rc1 {N} (13. Qc2 {Gronn,A} Qe7 14. dxc5 Bxb2 15. Qxb2 Qxc5 {og sort har
overlevd, selv om hvit har klar fordel.}) 13... Na6 (13... Nxb3 14. Qxb3 Na5
15. Qxb5 Be6 16. Ba3 Re8 17. Qd3 Nc4 18. Bc5 $16 {Stefansson,H-Bosch,J/Arnhem
EU-chJ/1989/}) 14. Rxc6 Nb4 15. Rc5 (15. Rc1 {Gronn,A} Nxa2 {er langt fra
klart.}) 15... Be7 (15... Nxa2 16. Ne5 Be6 17. Rxb5 $16) 16. Ne5 (16. Rxb5 Ba6
17. Rxb4 Bxb4 18. Ne5 $13) (16. a3 {Gronn,A} Bxc5 17. dxc5 Na6 $1 (17... Nc6
18. Nd4 $18 Nxd4) 18. Qd4 f6 {fulgt av Nc7 med uklart spill.}) 16... Bxc5 17.
dxc5 f6 (17... Nxa2 18. Bxd5 Be6 19. Bxa8 Qxd1 20. Rxd1 Rxa8 21. c6 Rc8 22. c7
$1 $16) 18. Nd3 (18. Nc6 {Gronn,A} Nxc6 19. Qxd5+ Kh8 20. Qxc6 Rb8 {er ikke
klart.}) 18... Nxd3 (18... Nxa2 19. Qa1 $18) (18... Nc6 19. Nf4 $18) (18... Na6
{Gronn,A} 19. Nf4 Nc7 20. Nxd5 Rb8 21. e4 {med kjempespill.}) 19. Qxd3 Be6 20.
Qxb5 Qc7 21. Rd1 Rab8 22. Qa6 Bf7 23. Ba3 Qe5 24. e3 Qc3 25. c6 Rfc8 (25... Qc2
26. Rc1 Qxa2 27. c7 Rbc8 28. Bh3 $18) 26. Rc1 Qe5 27. Qxa7 Ra8 28. Qc5 Rc7 29.
e4 $1 Rd8 (29... dxe4 30. Qxe5 fxe5 31. Bd6 Rcc8 32. Bh3 $18) 30. exd5 {
Ftacnik,L} (30. exd5 Bxd5 31. Rd1 $18) 1-0

[Event "Sanjin Hotel Cup 2nd"]
[Site "Tiayuan"]
[Date "2005.07.11"]
[Round "3"]
[White "Zhao, Xue"]
[Black "Petrosian, Tigran L"]
[Result "0-1"]
[WhiteElo "2470"]
[BlackElo "2581"]
[Annotator "Ftacnik,L"]
[PlyCount "88"]
[EventDate "2005.07.09"]
[EventType "tourn"]
[EventRounds "11"]
[EventCountry "CHN"]
[EventCategory "15"]
[SourceTitle "CBM 108"]
[Source "ChessBase"]
[SourceDate "2005.09.26"]
[SourceVersion "1"]
[SourceVersionDate "2005.09.26"]
[SourceQuality "1"]

1. d4 d5 2. c4 e6 3. Nc3 c5 4. cxd5 exd5 5. Nf3 Nc6 6. g3 Nf6 7. Bg2 Be7 8. O-O
O-O 9. Bg5 cxd4 10. Nxd4 h6 11. Be3 Re8 12. Rc1 Bf8 13. a3 Bg4 14. h3 Be6 15.
Nxc6 bxc6 16. Bd4 Nh7 17. e4 {White players find it pretty difficult to get
any advantage in this pawn structure.} dxe4 18. Nxe4 (18. Bxe4 Bxh3 19. Bxc6
Re6 20. Bd5 Bxf1 21. Bxe6 fxe6 22. Kxf1 Qd7 $11) 18... Bd5 (18... Bxh3 19. Bxh3
Rxe4 20. Be3 (20. Bc3 Ng5 21. Bg2 Re6 22. Qa4 $44) 20... Qf6 21. Qc2 Rae8 22.
Bd7 R8e7 23. b4 Rxe3 24. fxe3 Qe5 25. Bxc6 Qxg3+ 26. Qg2 Qxe3+ 27. Kh1 Qxa3 $15
) 19. Qd3 $2 {[%mdl 64] Very instructive mistake, black will refute this move
with a help of the original and deep combination.} (19. Nc3 Bxg2 20. Kxg2 $11)
19... Rxe4 $3 20. Bxe4 Ng5 21. Bxd5 (21. Bxg7 Bxg7 22. Bxd5 Qxd5 23. Qxd5 cxd5
$17) (21. f3 Bxe4 22. fxe4 c5 $17) 21... Qxd5 22. Rc3 {Zha Xue has to worry
about the pin along the d file as well as about the leaky kingside position.} (
22. Rfd1 Rd8 (22... Nf3+ 23. Kf1 Rd8 24. Be3 (24. Qc4 Qxc4+ 25. Rxc4 c5 $17)
24... Qxd3+ 25. Rxd3 Rxd3 26. Ke2 Ne5 27. f4 Rb3 28. fxe5 Rxb2+ 29. Kf3 $15)
23. Rc3 Nxh3+) 22... Rd8 23. Rd1 Nxh3+ 24. Kf1 (24. Kh2 Nxf2 25. Bxf2 Qh5+ 26.
Kg2 Rxd3 27. Rdxd3 a5 $17) 24... Qh1+ 25. Ke2 Qg2 $5 {Petrosian keeps pushing
against the poorly ccordinated white pieces.} (25... Ng1+ 26. Rxg1 (26. Kd2 c5
$19) 26... Qxg1 27. Rxc6 Qh1 $17) 26. Qe3 (26. b4 a5 27. Qc4 Re8+ 28. Kd2 axb4
29. axb4 Nxf2 $19) 26... Rd6 27. Rc5 (27. Bc5 Rxd1 (27... Re6 28. Qxe6 fxe6 29.
Rd8 Ng1+ $15) 28. Kxd1 Bxc5 29. Rxc5 Nxf2+ 30. Ke1 Nd3+ 31. Qxd3 Qg1+ 32. Kd2
Qxc5 $19) 27... Ng1+ 28. Kd2 (28. Rxg1 Qxg1 29. Qe4 Rd7 30. Qg4 Rd8 31. Rxc6
Qb1 $19) 28... Nf3+ 29. Kc3 Re6 {Black already had a pleasant choice of lines
promising decisive advantage.} (29... Nxd4 30. Rxd4 Rf6 $1 31. Rf4 Bxc5 32.
Qxc5 Rxf4 33. gxf4 Qf3+ $19) 30. Qd3 Nxd4 31. Qxd4 Rd6 32. Qxd6 (32. Qg4 Rxd1
33. Qxd1 Bxc5 $19) 32... Bxd6 33. Rxd6 Qxf2 34. Rdxc6 Qxg3+ 35. Kb4 Qb8+ (35...
Kh7 36. Rc7 f5 $19) 36. Rb5 (36. Kc3 Qf4 37. b4 f5 $19) 36... Qd8 {Petrosian
has too many pawns on the kingside waiting for the moment to start the mad
rush towards the first rank.} 37. a4 (37. Ka4 Qd7 38. Rbc5 g5 $19) 37... g6 38.
Rb7 Qd4+ 39. Ka3 h5 40. Rc8+ Kg7 41. Rcc7 Qd6+ 42. b4 Qg3+ 43. Kb2 Qf2+ 44. Kc3
h4 0-1

[Event "EU-chT (Men) 15th"]
[Site "Gothenburg"]
[Date "2005.07.30"]
[Round "1.4"]
[White "Halkias, Stelios"]
[Black "Docx, Stefan"]
[Result "1-0"]
[WhiteElo "2548"]
[BlackElo "2310"]
[Annotator "Ftacnik,L"]
[PlyCount "73"]
[EventDate "2005.07.30"]
[EventType "team-swiss"]
[EventRounds "9"]
[EventCountry "SWE"]
[SourceTitle "CBM 109"]
[Source "ChessBase"]
[SourceDate "2005.11.14"]
[SourceVersion "1"]
[SourceVersionDate "2005.11.14"]
[SourceQuality "1"]
[WhiteTeam "Greece"]
[BlackTeam "Belgium"]
[WhiteTeamCountry "GRE"]
[BlackTeamCountry "BEL"]

1. d4 d5 2. Nf3 c5 3. c4 e6 4. cxd5 exd5 5. g3 Nc6 6. Bg2 Nf6 7. O-O Be7 8.
dxc5 Bxc5 9. Bg5 O-O 10. Nc3 d4 11. Ne4 Be7 12. Bxf6 Bxf6 13. b4 $5 {Very
interesting idea as black will find it impossible to hold on to his d4 pawn.
White will get positional advantage, but it may not be enough for winning
attempts.} Nxb4 14. Nxf6+ Qxf6 15. Qxd4 Qe7 16. Qb2 (16. Qe5 Qxe5 17. Nxe5 Re8
18. Rfd1 Bf5 19. e4 Be6 20. a3 Nc2 21. Rab1 Nxa3 22. Rxb7 a5 {1/2-1/2
Rogozenko,D (2562)-Kopylov,M (2428)/Hamburg 2000/ (62)}) 16... Nc6 (16... Bg4
17. Rab1 a5 18. a3 Bxf3 19. Bxf3 Na6 20. Qxb7 Qxa3 21. Qb6 {1-0 Wohl,A (2440)
-Caruso,A (2275)/Verona 1998/}) 17. Rfd1 (17. Rad1 Rb8 18. Nd4 Nxd4 19. Rxd4
Be6 20. Rfd1 b6 21. Qd2 Rbc8 22. Be4 Rc5 23. Bb1 {1-0 Kushch,N (2300)-Ginsburg,
G (2280)/Kherson 1990/ (61)}) (17. Rab1 Rb8 (17... Bf5 18. e4 Bxe4 19. Rbe1 f5
20. Nd2 Rf6 21. Nxe4 Re6 22. Nf6+ Qxf6 23. Qxb7 {1-0 Schneider,S (2320)-Nygren,
D (2150)/Stockholm 1999/}) 18. Nh4 Ne5 19. Rfd1 (19. Rfc1 b6 20. Rc3 Be6 21.
Rbc1 Qf6 22. Qa3 a5 23. f4 Ng6 24. Nf3 {1-0 Hellsten,J (2430)-Frolik,M (2260)/
Mlada Boleslav 1995/ (33)}) 19... b6 20. Rd5 f6 21. Rd4 Be6 22. Rbd1 Rbc8 23.
Be4 g6 24. Ng2 Rfd8 25. Nf4 {1-0 Hellsten,J (2475)-Leito,P (2310)/Hallsberg
1996/ (34)}) 17... Bg4 (17... Rb8 18. Rac1 Be6 19. h4 h6 20. Rd2 Rfd8 21. Rcd1
Rxd2 22. Rxd2 Qb4 23. Qxb4 Nxb4 24. Nd4 Bxa2 25. Rb2 a5 26. Nc2 Bc4 27. Nxb4
axb4 28. Rxb4 b5 {1/2-1/2 Foisor,C (2364)-Berzinsh,R (2444)/Balaguer 2003/ (35)
}) 18. h3 Bh5 19. Rd2 (19. Rd5 Bg6 20. Nh4 Rad8 21. Rad1 Rxd5 22. Rxd5 Rd8 23.
Rb5 Rd1+ 24. Kh2 Nd8 25. Bxb7 {1-0 Kushch,N (2375)-Ponomariov,R/Yalta 1995/ 
(65)}) 19... Rad8 20. Rad1 Bg6 (20... Rxd2 21. Rxd2 Rd8 22. Rxd8+ Nxd8 23. Nd4
Bg6 24. e3 $14) 21. Rxd8 {Halkias exchanges both pairs of rooks in the moment,
when 21.Nh4!? seems to have promissed him something really tangible.} (21. Nh4
$5 Rxd2 22. Rxd2 Be4 23. Bxe4 Qxe4 24. Qxb7 $16) 21... Rxd8 22. Rxd8+ Nxd8 23.
Ne5 Bf5 24. Qd4 b6 (24... f6 25. Nd3 Nc6 26. Qc4+ Be6 27. Bd5 $14) 25. g4 (25.
Nc4 Be6 26. Nd6 Bxa2 27. Nc8 Qc7 28. Nxa7 $14) 25... Be6 26. a4 f6 27. Nd3 Qd7
28. Qe4 {For all white efforts his advantage is miniscule, black would have to
help to make the dream of winning possible.} (28. Qxd7 Bxd7 29. Bd5+ Kf8 30.
Nb2 Ne6 $11) 28... Bb3 (28... a5 $5 29. Qa8 Kf7 30. g5 Qd4 31. gxf6 Kxf6 $11)
29. a5 Bf7 (29... bxa5 $5 30. Nc5 Qd1+ 31. Bf1 Kf7 32. Qxh7 a4 33. Qh5+ Kf8 34.
Qf5 Kg8 $13) 30. a6 Bg6 31. Qa8 Bxd3 $2 {[%mdl 16384] Horrible move, that
throws the game away. Docx had no reason to give up the strong bishop, now he
will duly pay for the demage.} (31... Bf7 32. Bb7 Bc4 $1 33. Nf4 Kf8 34. Qxa7
Bxa6 35. Qxa6 Qxb7 36. Qa3+ Kg8 37. Qb3+ Kf8 38. Nd5 $14) 32. exd3 b5 (32...
Qxd3 $2 33. Bd5+ $18) 33. Bb7 b4 34. Qxa7 h5 (34... Qxd3 35. Qc5 Ne6 36. Qd5
Qxd5 37. Bxd5 Kf7 38. a7 $18) 35. Qb6 hxg4 36. a7 gxh3 37. Bf3 (37. a8=Q Qg4+
38. Kh1 $18) 1-0

[Event "RUS-ch Army"]
[Site "Russia"]
[Date "1995.??.??"]
[Round "?"]
[White "Kiselev, Sergey"]
[Black "Annakov, Babakuli"]
[Result "1/2-1/2"]
[WhiteElo "2495"]
[BlackElo "2420"]
[Annotator "Ftacnik,L"]
[PlyCount "52"]
[EventDate "1995.??.??"]
[EventType "tourn"]
[EventRounds "11"]
[EventCountry "RUS"]
[EventCategory "10"]
[SourceTitle "CBM 048"]
[Source "ChessBase"]
[SourceDate "1995.10.01"]
[SourceVersion "1"]
[SourceVersionDate "1995.10.01"]
[SourceQuality "1"]

1. d4 d5 2. c4 e6 3. Nf3 c5 4. cxd5 exd5 5. g3 Nc6 6. Bg2 Nf6 7. O-O Be7 8. Nc3
O-O 9. b3 Ne4 10. Bb2 Bf6 11. Na4 b6 12. Rc1 Ba6 13. dxc5 Bxb2 14. Nxb2 bxc5
15. Na4 Re8 16. Re1 c4 17. Nd2 cxb3 $5 (17... Qf6 18. Nxe4 dxe4 19. bxc4 (19.
Nc3 Rad8 20. Nd5 Qb2 21. Rc2 Qe5 22. bxc4 Nd4 23. Rd2 (23. Rc1 Bxc4 24. Rxc4
Qxd5 25. Qa4 Re7 26. Kf1 $13 {Panchenko,AG-Ginsburg,G/Ukraina-ch Simferopol/
1990/1-0 (78)}) 23... Bxc4 24. Rxd4 Rxd5 25. Rxd5 Bxd5 26. Qa4 f5 27. e3 Qb8
$10 {Boensch,U-Jelen,I/Portoroz/1987/1-0 (45)}) 19... Rad8 20. Qb3 Nd4 (20...
e3 21. fxe3 (21. f4 Rd2 22. Nc3 Nd4 23. Qa4 Rd8 24. Nd5 Qh6 25. Ne7+ Kh8 26.
Nc6 Nxc6 27. Bxc6 $16 {Levin,F-Jelen,Ig/Ljubljana op/1993/1-0 (36)}) 21... Qh6
(21... Ne5 22. Nc5 (22. Rf1 Qh6 23. Rf4 $44 {Novikov,I-Sturua,Z/USSR/1984/})
22... Ng4 23. Nxa6 Rxe3 24. Qb7 Qd4 25. Rcd1 Rd3+ 26. e3 Qxe3+ 27. Rxe3 Rxd1+
28. Re1 Rxe1+ 29. Bf1 $16 {Novikov,I-Ginsburg,A/Ukraina-chT Simferopol/1991/ 
(41)}) 22. Rc3 Ne5 23. Nc5 Bxc4 24. Qa4 Ng4 25. h3 Qf6 26. Rcc1 Qf2+ 27. Kh1
Nxe3 28. Rg1 Bxe2 29. Ne4 Rxe4 30. Qxe4 Nxg2 {0-1/Cherepkov,A-Novik,M/
Leningrad op/1991/}) 21. Qa3 (21. Qe3 Qc6 22. Nb2 Qb6 23. Qc3 Qf6 24. Bf1 Bb7
25. Nd1 Qe5 26. Ne3 f5 27. Red1 $14 {Rivas Pastor,M-Nogueiras,J/Capablanca
Mem-A/1988/1-0 (40)}) 21... Rc8 (21... Bb7 22. Nc3 e3 23. f3 a6 24. Qa5 Rc8 25.
Nd5 Bxd5 26. Qxd5 $13 {Hickl,J-Boensch,U/FRG-ch (01)/1991/0-1 (39)}) 22. Nc5
Qd6 23. Qxa6 Qxc5 24. e3 Nf3+ 25. Bxf3 exf3 26. Qb5 Re4 27. Qxc5 Rxc5 28. Red1
$16 {Akopian,V-Miljanic,B/Niksic (02)/1991/1-0 (59)}) (17... Qg5 18. Nxe4 dxe4
19. Qd6 Re6 (19... Rac8 20. Nc5 Nd4 (20... Red8 21. Nxe4 Qxc1 22. Rxc1 Rxd6 23.
Nxd6 Nd4 24. Bf1 cxb3 25. Nxc8 bxa2 26. Ra1 Bc4 27. e3 {1-0/Lagunov,A-Novik,M/
Novosibirsk/1989/}) 21. e3 Qxc5 22. Qxa6 Nf3+ 23. Bxf3 exf3 24. Rxc4 Qf5 25.
Rf4 Qd5 26. e4 Qd2 27. Rf1 Qe2 28. Qxe2 fxe2 29. Re1 Rc2 30. e5 Rxe5 31. Rc4 {
0.5/Welin,T-Timmer,R/Lugano op (3)/1989/}) 20. Qf4 (20. Qc5 Qh6 21. Qa3 Ne5 22.
Nc5 e3 23. f4 Ng4 24. h3 Nf2 25. Nxe6 Nxh3+ 26. Kf1 Qxe6 27. bxc4 $16 {Serper,
G-Fogarasi,T/Arnhem EU-chJ/1989/1-0 (37)}) 20... Qe7 (20... Qa5 21. Bxe4 Rae8
22. Nc3 $16 {Spiridonov,N-Klinger,J/Polanica Zdroj/1985/}) 21. bxc4 Re8 22. Nc3
Nd4 23. Nd5 Qc5 24. Nc7 Rf6 25. Nxa6 Rxa6 26. e3 Nf3+ 27. Bxf3 Rf6 28. Qg4 exf3
29. Red1 $16 {Bastida,R-Martin,A/ESP-chT/1990/0.5 (58)}) (17... Qe7 $6 18. bxc4
Nxd2 19. Qxd2 Rad8 20. cxd5 Qb4 21. Qc3 Qxc3 22. Nxc3 Ne5 23. Red1 Re7 24. Bf1
f5 25. Na4 Nf7 26. Rc2 Bb5 27. Nc5 Rc7 28. Rdc1 Rxd5 29. e4 {1-0/Dizdar,
G-Vrkljan,I/CRO-chT Makarska (04)/1994/}) (17... Qa5 18. Bxe4 dxe4 19. Nxc4 Qh5
(19... Bxc4 20. Rxc4 Rad8 21. Qc1 Nd4 22. Qc3 Qd5 23. Qe3 Nf5 24. Qf4 e3 $132 {
Movsziszian,K-Dankert,P/Hamburg-ch/1993/0-1 (72)}) 20. Qd6 Re6 21. Qc5 Qh3 22.
f4 e3 23. Nxe3 Bb7 24. Qf5 Qxf5 25. Nxf5 g6 26. Nh4 Nd4 27. e3 Nf3+ 28. Nxf3
Bxf3 29. Kf2 $16 {Hauchard,A-Collard,O/FRA-chT/1994/1-0 (42)}) 18. Rxc6 (18.
Nxe4 dxe4 19. Rxc6 Qxd1 20. Rxd1 Bb5 21. Rc3 Bxa4 22. axb3 $14) 18... Bb5 19.
Nxe4 Bxc6 (19... dxe4 $2 20. Rd6 $18) 20. Nec5 {Black have sacrificed material
in the hope to profit from the lack of coordination of white s pieces.} (20.
Nec3 bxa2 (20... Bxa4 21. Nxa4 bxa2 22. Qd2 (22. Bxd5 a1=Q $1 23. Bxf7+ Kxf7
24. Qxa1 $15) 22... Rc8 23. Qxa2 $14) 21. Nxa2 Qd6 $13) 20... bxa2 21. Qd2 Rc8
22. Ra1 (22. Qxa2 Qa5 23. Ra1 Bb5 24. e3 Bc4 25. Qa3 d4 $132) 22... Bb5 23. e3
{[%csl Ra2] White hopes to consolidate with elimination of a2P.} (23. Qxd5 Rxe2
24. Qxd8+ Rxd8 25. Nc3 Rb2 $17) 23... Bc4 24. Bf1 (24. Qd4) 24... Qf6 25. Rxa2
$5 {Creating rather unusual material balance, but in cooperation white pieces
could prove rather unpleasant.} (25. Qd4 Qxd4 26. exd4 Rb8 27. Nc3 Rb2 28. Bxc4
dxc4 29. Rxa2 Rxa2 30. Nxa2 Rd8 $17) 25... Bxa2 26. Qxa2 Qd6 (26... Qd6 27. Nd3
$13) 1/2-1/2

[Event "Cannes team g/60"]
[Site "Cannes"]
[Date "1992.??.??"]
[Round "4"]
[White "Christiansen, Larry Mark"]
[Black "Piket, Jeroen"]
[Result "1/2-1/2"]
[WhiteElo "2595"]
[BlackElo "2615"]
[Annotator "Ftacnik,L"]
[PlyCount "127"]
[EventDate "1992.02.??"]
[EventType "team"]
[EventRounds "6"]
[EventCountry "FRA"]
[SourceTitle "CBM 028"]
[Source "ChessBase"]
[SourceDate "1992.06.01"]
[SourceVersion "1"]
[SourceVersionDate "1992.06.01"]
[SourceQuality "1"]

1. d4 d5 2. c4 e6 3. Nc3 c5 4. cxd5 exd5 5. Nf3 Nc6 6. g3 Nf6 7. Bg2 Be7 8. O-O
O-O 9. Bg5 cxd4 10. Nxd4 h6 11. Bf4 Bg4 12. h3 Be6 13. Rc1 Qd7 (13... Re8 14.
Nxe6 fxe6 15. e4 d4 16. e5 dxc3 17. exf6 Qxd1 18. Rfxd1 Bxf6 (18... cxb2 19.
Rxc6 bxc6 20. fxe7 $16) 19. bxc3 Rad8 20. Rb1 $14 {Adler,J-Flueckiger,C/Bern/
1988/}) 14. Nxe6 fxe6 15. e4 d4 16. e5 (16. Ne2 e5 17. Bd2 Rac8 $13) 16... dxc3
17. exf6 Qxd1 18. Rfxd1 Bxf6 (18... cxb2 $2 19. Rxc6 bxc6 20. fxe7 $18) 19.
bxc3 Rad8 20. Re1 Rfe8 21. Be4 Kf7 22. Kg2 Rd7 23. h4 Rc8 24. Bf3 Nd8 $1 25. c4
b6 26. Bh5+ Ke7 (26... g6 27. Bg4 $14) 27. Rc2 Rd4 28. Be2 Rd7 29. Bc1 Kf7 30.
Bh5+ g6 31. Bf3 h5 32. Re4 Nb7 $1 33. Re3 Na5 34. Re4 Rd4 35. Rxd4 Bxd4 36. Be2
b5 $1 37. c5 $8 Rxc5 38. Rxc5 Bxc5 39. Bxb5 Nb7 40. Bc4 Nd6 41. Bb3 Nf5 42. Bg5
Bb6 43. f3 Be3 44. Bxe3 Nxe3+ 45. Kh3 Kf6 46. g4 Nd5 47. Kg3 Ke5 48. Bc2 Nf4
49. g5 Ne2+ 50. Kf2 Nf4 51. Be4 Kd4 52. Bb1 a5 53. a3 e5 54. Be4 Kc3 55. Bc6
Kd2 (55... Kb3 56. a4 Kc3 57. Ke3 Ng2+ 58. Ke4 Nxh4 59. Kxe5 $16) 56. Be8 Kd3
57. Bc6 Kd2 58. Be4 Kc3 59. Bc6 (59. Ke3 Ng2+) 59... Kd2 60. Bb5 Nh3+ 61. Kg3
Nf4 62. Kf2 Nh3+ 63. Kg3 Nf4 64. Kf2 {Ftacnik,L} 1/2-1/2

[Event "Moscow Aeroflot op-A"]
[Site "Moscow"]
[Date "2004.02.21"]
[Round "5"]
[White "Sasikiran, Krishnan"]
[Black "Lugovoi, Aleksei"]
[Result "1-0"]
[WhiteElo "2654"]
[BlackElo "2554"]
[Annotator "Ftacnik,L"]
[PlyCount "81"]
[EventDate "2004.02.17"]
[EventType "swiss"]
[EventRounds "9"]
[EventCountry "RUS"]
[SourceTitle "CBM 100"]
[Source "ChessBase"]
[SourceDate "2004.06.01"]
[SourceVersion "1"]
[SourceVersionDate "2004.06.01"]
[SourceQuality "1"]

1. Nf3 d5 2. d4 e6 3. c4 c5 4. cxd5 exd5 5. g3 Nc6 6. Bg2 Nf6 7. O-O Be7 8. Nc3
O-O 9. Bg5 cxd4 10. Nxd4 h6 11. Bf4 Bg4 12. h3 Bd7 13. Kh2 Qb6 14. Be3 Qxb2 15.
Nxd5 Nxd5 16. Bxd5 Rad8 17. Rb1 Qa3 18. Rxb7 $1 $146 {[%mdl 8] The whole line
is nearly playable for black as his queen is taking care of some counterplay.
White's novelty will test his chances to the limit.} (18. Qc1 Qxc1 19. Rfxc1
Nxd4 20. Bxd4 Bf5 21. e4 Bxe4 22. Bxe4 Rxd4 23. Bxb7 Rd2 24. Kg2 Rxa2 25. Bd5 {
1/2-1/2 Lautier,J-Grischuk,A/Cannes 2001/ (29)}) 18... Nxd4 (18... Be8 19. Nf5
Qa5 20. Bxc6 Qxf5 21. Qa4 Qc8 22. Rxe7 Bxc6 23. Qxa7 $16) 19. Bxd4 (19. Qxd4
Be6 20. Qxa7 Rxd5 21. Rxe7 Ra5 22. Qc7 Qxa2 $11) 19... Bxh3 (19... Ba4 20. Bb2
$1 (20. Bb3 Bxb3 21. axb3 Bc5 22. Bxc5 Qxc5 23. Qc1 Qe5 24. e3 $14) 20... Qxb2
21. Rxb2 Bxd1 22. Rxd1 $16) 20. Rxa7 Qb4 (20... Qxa7 $2 21. Bxa7 Bxf1 22. Bb6
Rb8 23. Bd4 Rfd8 24. e4 $18) 21. a3 $1 Qb5 (21... Qd6 22. Kxh3 Qxd5) 22. Kxh3
Qxd5 23. Rxe7 Qxd4 24. Qb3 {Sasikiran was not sure, if he could win the rook
endgame after 24.Qxd4, so he tries to keep the queens on the board a bit
longer.} (24. Qxd4 Rxd4 25. Rb1 Ra4 26. Rb3 g5 $16) 24... Rd5 25. Kg2 Qc5 26.
Re3 (26. Rb7 Rd2 27. Re1 Rc2 $14) 26... Qc6 27. Rf3 Qd7 $6 (27... Rfd8 28. e4
R5d7 29. Re1 $14) 28. Rf4 Re8 29. Qf3 Rde5 (29... Rd2 30. Re4 (30. e3 $6 Qa7
31. a4 Rxe3 32. Rxf7 Qc5 33. Rf8+ Kh7 34. Qf7 Qc6+ $14) 30... Rb8 (30... Rxe4
31. Qxe4 f5 32. Qa8+ Kh7 33. Qf3 $16) 31. Rc1 $16) 30. e3 Ra5 31. Rd1 Qa7 (
31... Qe6 32. a4 Rea8 33. Rdd4 $16) 32. Qc6 Qa8 33. Qxa8 Rexa8 34. Rd7 f5 (
34... f6 35. Rb4 R5a7 36. Rxa7 Rxa7 37. a4 $16) 35. Rc4 Rxa3 $2 {Winning the
battle, but losing the war. Lugovoi has maanged to eat the hated a pawn, but
will lose two on the kingside.} (35... R5a7 $1 36. Rxa7 Rxa7 37. a4 Kf7 38. f4
$16) 36. Rcc7 g5 37. Rg7+ Kh8 38. Rh7+ Kg8 39. Rxh6 R3a6 (39... g4 40. Rg6+ Kh8
41. Rf7 R3a5 42. Rg5 $18) 40. Rxa6 Rxa6 41. Rc5 (41. Rc5 Rf6 42. g4 fxg4 43.
Rxg5+ Kf7 44. Rxg4 $18) 1-0